=LDR 00000nam 2200000 4500 =001 INLIS000000000034988 =005 20210204125715 =035 ##$$a 0010-061300000034988 =008 210204################g##########0#ind## =041 ##$$a Ind =082 ##$$a 370 =090 ##$$a 370, Suk l =100 #$$a Sukardjo, M =245 1#$$a Landasan pendidikan konsep dan aplikasinya, DR. M. Sukardjo /$c DR. M. Sukardjo =260 ##$$a Jakarta :$b Rajawali press,$c 2009 =300 ##$$a 155 hlm, : $b ilus ; $c 21x14 cm =650 #4$$a Pendidikan =850 ##$$a NBPNMAT =020 ##$$a 978-979-769-254-4 =084 ##$$a 370 SUK l =250 ##$$a cet.1 =990 ##$$a 21004704 =990 ##$$a 21303399 =990 ##$$a 21303401 =990 ##$$a 21303402 =990 ##$$a 21303400 =990 ##$$a 21400356/BPAP-NTB/2014 =990 ##$$a 21004705 =990 ##$$a 21004707